000
00272nam a2200109Ia 4500
008
190216s9999||||xx |||||||||||||| ||und||
100
_a
William T Greenwood
245
0
_a
Decision Theory And Information Systems
260
_b
Kalyani Pub
_c
1969
300
_a
818p
942
_c
BK
999
_c
4471
_d
4471